|
|
|
|
| LEADER |
00918ncm a22002412a 4500 |
| 001 |
000040430 |
| 003 |
CZ BrMZK |
| 005 |
20121203091808.0 |
| 007 |
qu |
| 008 |
951201s1973 xr f zxx d |
| 040 |
|
|
|a BOA001
|b cze
|
| 072 |
|
7 |
|a 787
|x Hudba pro strunné a smyčcové nástroje
|2 Konspekt
|9 9
|
| 100 |
1 |
|
|a Truhlář, Jan,
|d 1928-2007
|7 jn20000728767
|4 cmp
|
| 245 |
1 |
0 |
|a Instruktivní skladbičky
|h [hudebnina] :
|b chitarra solo /
|c Jan Truhlář ; rev. Jiří Nečekal
|
| 250 |
|
|
|a 1. vyd.
|
| 260 |
|
|
|a Praha :
|b Panton,
|c 1973
|
| 300 |
|
|
|a 31 s.
|
| 700 |
1 |
|
|a Nečekal, Jiří
|7 mzk2010613058
|4 edt
|
| 910 |
|
|
|a BOA001
|b PK-N-0015.818
|b Mus4-0710.338
|
| 964 |
|
|
|a Kytara - etudy - sbírky
|
| 990 |
|
|
|a MU
|
| 996 |
7 |
|
|b 2619089463
|c Mus4-0710.338
|l MZK
|r Sklad / do 1 hodiny
|n 0
|w 000040430
|u 000020
|a 1
|e BOA001
|j MZK50
|s A
|
| 996 |
7 |
|
|b 3119989807
|c PK-N-0015.818
|l MZK
|r Sklad / do 1 hodiny
|n 3
|w 000040430
|u 000010
|a 1
|e BOA001
|j MZK50
|s A
|